| 000 | 01273cad a22002175a 4500 | ||
|---|---|---|---|
| 001 | E148320 | ||
| 008 | 090903e20090731xxk 000 0 eng d | ||
| 035 | _a(Sirsi) u148320 | ||
| 041 | 0 | _aeng | |
| 245 | 0 | 0 |
_aManchester City Council v Pinnock _h[electronic resource] |
| 260 | _c2009 | ||
| 520 | _a[2009] EWCA Civ 852, 31 July 2009. Concerns issues related to gaining possession of a property that is the subject of a demoted tenancy. The order for possession was made by Manchester City Council (M) under the Housing Act 1996 S143D as amended by the Anti-Social Behaviour Act 2003. The appellent (P) was tenant of a property for 30 years, but his tenancy had been changed to a demoted tenancy because of the anti-social behaviour of his sons. This behaviour continued, and M issued a possession notice. "Held": Appeal dismissed. The review panel's decision was reasonable. | ||
| 590 | _aKA | ||
| 650 | 2 | 4 | _aANTI-SOCIAL BEHAVIOUR ACT 2003 |
| 650 | 2 | 4 | _aHOUSING ACT 1996 S143 |
| 650 | 2 | 4 | _aMANCHESTER CITY COUNCIL V PINNOCK |
| 651 | 4 |
_aEngland _y886- |
|
| 690 | _aPROPERTY-RESIDENTIAL PROPERTY-RESIDENTIAL LANDLORD AND TENANT | ||
| 856 | 4 | 0 |
_uhttps://www.bailii.org/ew/cases/EWCA/Civ/2009/852.html _zView the judgement free of charge at www.bailii.org... |
| 942 | _n0 | ||
| 999 |
_c81789 _d81789 |
||